000 00591nam a22001937a 4500
999 _c6429
_d6429
003 OSt
005 20200120162501.0
008 200120b ||||| |||| 00| 0 eng d
020 _a0938661272
040 _cDDC.
082 _a005.3 SIG 1990.
100 _4Sigwatt,Charles D;Van Meer,L Gretchen,Hansen,C,John;
245 _aSoftware Engineering.
_bA project oriented approach.
260 _aCalifonia.
_bFranklin,Beedle,&Associates, Inc;
_c1990.
300 _a484p;
_bill;
_c26cm.
505 _aincludes glossary and index.
650 _acomputer engineering.
_913188
942 _2ddc
_cO_SHELF